| 000 | 02877nam a22003137a 4500 | ||
|---|---|---|---|
| 001 | 8515 | ||
| 003 | FISKH | ||
| 005 | 20250917103308.0 | ||
| 008 | 250917b cb ||||| |||| 00| 0 eng d | ||
| 020 | _a9789996301810 | ||
| 040 |
_aFISKH _bkhr _cFISKH _dFISKH |
||
| 050 | _aPZ7 | ||
| 082 | _a920 | ||
| 100 | _aDawn, Dim | ||
| 245 |
_aជីវិតក្មេងខាត់ស្បែកជើង / _bLife of a kid who polished shoes / _cនិពន្ធដោយលោក ឌឹម ដន , ត្រួតពិនិត្យអក្ខរាវិរុទ្ធដោយ អ្នកស្រី គឹមស៊ុន សុធារី |
||
| 260 |
_aPhnom Penh : _bReading Books, _c2013. |
||
| 300 |
_a24 pages : _bcolor illustrations ; _c25 cm . |
||
| 490 | _aពិភពរឿងនិទាន | ||
| 505 | _aL | ||
| 520 | _aរឿងនេះបង្ហញពី រឿងរ៉ាវពិតខ្លះៗនៅក្នុងសង្គមខ្មែរ ដែលកុមារមួយចំនួនជាក្មេងក្រីក្រទុរគតដើរសុំទាន ដើររើសអេតចាយ ត្រូវបានគេរើសអើង។ ក្នុងរឿងនេះដែរអ្នកនិពន្ធចង់បំផុសគំនិតអោយក្មេងទុរគតចេះតស៊ូព្យាយាម និងមានសេចក្តីថ្លៃថ្នូរទៀងត្រង់ដើម្បីអនាគតខ្លួន និងចេះអប់រំដល់ប្អូនៗកុមារអោយចេះស្រលាញ់កុមារដូចគ្នាដោយមិនរើសអើង មិនប្រកាន់វណ្ណះអ្វីឡើយ ព្រោះយើងជាកុលបុត្រខ្មែរដូចគ្នា ជាងនេះទៅទៀតជៀសវាងដាច់ខាតការសេពគប់គ្រឿងញៀន ហិតកាវជាដើម។ | ||
| 520 | _aThis story airms to show the existence of some real issues in current Cambodia society where some destiturte children engage in begging and scavenging and are discriminated. It also encourages the destitute children to strggle, endeavor, have dignity and honesty for their own future, aim to educate them to love and have friendship with one other without prejudice or discrimination, for they are Khmer children and educate to to avoid drug abuse . | ||
| 521 | 8 |
_a530
_bLexile estimate |
|
| 521 | 8 |
_aL
_bRaz-Plus |
|
| 650 |
_aជីវិតក្មេងខាត់ស្បែកជើង _vរឿងនិទានកុមារ |
||
| 650 |
_aLife of a kid who polishes shoes _vChildren's Story |
||
| 700 |
_aSaren, Koam _eIllustrator |
||
| 942 |
_2ddc _cKHB _n0 |
||
| 999 |
_c8515 _d8515 |
||